| 000 | 00868nam a22002291i 4500 | ||
|---|---|---|---|
| 001 | 000030536 | ||
| 003 | RuMoIPM | ||
| 005 | 20260512120344.0 | ||
| 008 | 130115s1974----ru | c rus | ||
| 040 |
_aRuMoIPM _brus _ercr |
||
| 041 | 0 | _arus | |
| 044 | _aru | ||
| 080 | _a51(07) | ||
| 100 | 1 | _aСканави, Марк Иванович | |
| 245 | 1 |
_aМатематика _b[Алгебра, геометрия, тригонометрия] : [учебное пособие] _cМ. И. Сканави, В. В. Зайцев ; Под ред. В. В. Рыжкова |
|
| 250 | _a3-е изд., перераб. и доп. | ||
| 260 |
_aМосква _bВысшая школа _c1974 |
||
| 300 |
_a230 с. _bил. |
||
| 700 | 1 | _aЗайцев, Владимир Валентинович | |
| 700 | 1 |
_aРыжков, Валерий Витальевич _eред. |
|
| 942 | _cBK | ||
| 999 |
_c30536 _d30536 |
||